Score 0/50 Timer 20:00
0 Plays Today
Riddle Solution % Correct
What becomes wetter the more it dries?A Towel
74.7%
What is so fragile, even saying its name can break it?Silence
62%
What can run but never walks, often murmurs, never talks, has a mouth but never eats, has a bed but never sleeps?A River
56.1%
Anyone can hold me, even without their hands, yet no one can do it for long. What am I?Breath
54.3%
What comes once in a minute, twice in a moment, but never in a thousand years?The Letter 'M'
50.1%
A man living in the UK cannot be buried in America because he is ______.Living
47.6%
What can you always count on when trying to solve math problems?Your Fingers
45.5%
If there are 10 apples and you take away 2, how many do you have left?Two
44.6%
I am always there, some distance away, somewhere between land and sky I lay, you may move toward me, yet distant I'll stay. What am I?The Horizon
43.6%
Which one of the words in this sentence is missspelled?Misspelled
43.3%
If a plane crashed on the border between the US and Mexico, where would the survivors be buried?Nowhere
42.5%
Before Mount Everest was discovered, what was the tallest mountain in the world?Mount Everest
42.3%
The more there is, the less you see. What is it?Darkness
41.4%
What type of building has the most stories?Library
41.3%
What is always coming but never arrives?Tomorrow
40.5%
For what crime can an offender be arrested for attempting, but not committing?Suicide
39.5%
If you have me, you want to share me. If you share me, I no longer exist. What am I?A Secret
37.6%
What walks on four legs in the morning, on two legs in the evening, and three legs at night?Man
37.2%
What two things can always see what the other sees, but can never see each other?Eyes
37%
A cowboy rode into town on Friday, stayed three days, and rode out again on Friday. How?His Horse's Name Was Friday
36.7%
What is a five letter word which becomes shorter with two letters added onto it? Short
35.8%
The rich want it, and the poor have it; it is greater than God, but worse than Satan; and if you eat it you will die. What is it?Nothing
32.4%
What has holes all around, but can still hold water?A Sponge
32.1%
At night they come without being fetched. By day they are lost without being stolen. What are they?Stars
31.2%
What belongs to you, but is used mostly by others?Your Name
31%
Riddle Solution % Correct
I am invisible, weigh nothing, and if you put me in a barrel, it will become lighter. What am I?A Hole
30.9%
The man who made it doesn't want it. The man who bought it doesn't need it. The man who needs it doesn't know it. What is it?A Coffin
29.2%
What kind of coat can only be put on if it's wet?A Coat of Paint
29.2%
What has four fingers and a thumb, but is not made of flesh, fish, bone, or fowl? A Glove
27.7%
What has been around for millions of years, but is never more than a month old?The Moon
27.6%
I have a hundred eyes, yet cannot see. What am I?A Potato
27.6%
I am a word of letters three, add two and fewer there will be. What am I?Few
24.4%
I am not alive, yet I grow; I have no lungs, yet I need air; I have no mouth, yet I can drown. What am I?Fire
23.4%
Here there is no north or west or east, and the weather, it is fitting for no man or bird or beast.The North Pole
23.3%
Where is the only place today comes before yesterday?Dictionary
21.5%
A word I know, six letters it contains, subtract one, and twelve remains. What is it?Dozens
21.2%
What turns everything around without moving?A Mirror
21.1%
What can go around the world, yet stays in a corner?A Stamp
20.9%
Throw me off the highest building, and I shall not break, but toss me in the smallest pool, and my life's at stake. What am I?A Tissue
18.9%
What goes up but never comes down?Age
18.7%
What can go up and come down without moving?Temperature or Volume
17.6%
What cannot talk, but will always respond when spoken to?An Echo
15.6%
Look at me one way and I weigh a whole lot; turn me around and you’ll see that I am not. What am I?A Ton
15.3%
What is black when you buy it, red when you use it, and gray when you throw it away?Charcoal
14.2%
I am a solitary word, 5 letters long. Behead me once, I am the same. Behead me again, I am still the same.Alone
12.7%
What has wheels and flies, but is not an aircraft?A Garbage Truck
11.8%
I have many keys but usually only two or three locks. What am I?A Computer Keyboard
10.9%
The more you take of me, the more you leave behind. What am I?Footsteps
10.5%
What is always too late?Regret
4.7%
Whoever makes it tells it not, whoever takes it knows it not, and whoever knows it wants it not. What is it?Counterfeit Money
4.2%
Remove Ads.
Support Sporcle.
Get the best of Sporcle when you Go Orange. This ad-free experience offers more features, more stats, and more fun while also helping to support Sporcle. Thank you for becoming a member.

You're not logged in!

Compare scores with friends on all Sporcle quizzes.
OR
Log In

Show Comments

Extras

Top Quizzes Today


Score Distribution

Your Account Isn't Verified!

In order to create a playlist on Sporcle, you need to verify the email address you used during registration. Go to your Sporcle Settings to finish the process.

Report this User

Report this user for behavior that violates our Community Guidelines.

Details: